Statistiken für 10 größte Städte in Baden-Württemberg

Klicken Sie hier um das Quiz zu spielen!

Allgemein

  • Dieses Quiz wurde 94 mal gespielt
  • Das Durchschnittsergebnis liegt bei 8 aus 10

Antwortstatistiken

Einwohner Stadt % Korrekt
630kStuttgart
100%
307kMannheim
97%
310kKarlsruhe
93%
230kFreiburg
92%
160kHeidelberg
81%
126kUlm
80%
125kHeilbronn
65%
124kPforzheim
62%
115kReutlingen
51%
94kLudwigsburg
40%

Verteilung der Resultate

Perzentil nach korrekt beantworteten Fragen

Anzahl Personen mit jedem Resultat

Ihre Resultats-Entwicklung

Sie haben dieses Quiz noch nicht gespielt